000 00842nam a2200217 4500
005 20210816182153.0
008 210816s1994 pe |||f |||| 001 0 spa d
040 _aCENDOC CAAAP
_bspa
_cCAAAP
041 _aspa
050 _aHA 1068.Md
_bP45 1993
245 _aResultados definitivos :
_bdepartamento de Madre de Dios
250 _a1ra ed.
260 _aLima:
_bINEI,
_c1994
300 _a749 p.
505 _aContiene: Aspectos generales --Análisis de los principales resultados censales --Resumen estadístico -- Tabulados de población -- Características culturales y educativas --Características económicos -- Tabulados de vivienda --Características de los hogares.
650 1 0 _91407
_aCensos
650 2 0 _93296
_aPoblación
650 2 0 _93768
_aVivienda
651 0 _9855
_aMadre de Dios
_zPerú
942 _2lcc
_b16 - 08 - 21
_cBK
999 _c2209
_d2209